000 00517nam a2200205Ia 4500
005 20240823033908.0
008 240823s9999||||xx |||||||||||||| ||und||
020 _a978-81-904110-2-8
041 _aENGLISH
082 _A333.75 Q3
100 _aHimadri Sinha
245 0 _aGovernance of Commons and Livelihood Security
250 _a1st
260 _c2013
_bXavier Institute of Social Se
500 _aYES
650 _aLivelihoods
_bGeneral
700 _a Anant Kumar Eds.
942 _cBK
999 _c196916
_d196916